| 000 | 01936cam a2200421 i 4500 | ||
|---|---|---|---|
| 001 | ocn894626467 | ||
| 003 | Co-BoUCM | ||
| 005 | 20181004082444.0 | ||
| 008 | 141105s2016 maua b 001 0 eng | ||
| 010 | _a 2014043309 | ||
| 016 | 7 |
_a101645296 _2DNLM |
|
| 020 | _a9780133810370 (5a.Ed.) | ||
| 020 | _z0133810372 | ||
| 020 | _z9780133948912 | ||
| 020 | _z0133948919 | ||
| 020 | _z9780134092621 | ||
| 020 | _z0134092627 | ||
| 020 | _z9780134041926 | ||
| 020 | _z0134041925 | ||
| 035 | _a(OCoLC)894626467 | ||
| 040 |
_aCo-BoUCM _bspa _cSaul Niño _dSaul Niño |
||
| 041 | 0 | _aeng | |
| 060 | 1 | 0 | _aWL 340.2 |
| 100 | 1 |
_aBauman-Waengler, Jacqueline Ann _993885 |
|
| 245 | 1 | 0 |
_aArticulation and phonology in speech sound disorders _ba clinical focus _cJacqueline Bauman-Waengler, Speech-Language Specialist, Pleasant Valley School District, Camarillo, California |
| 250 | _aQuinta edición | ||
| 260 |
_aBoston _bPearson _c2016 |
||
| 300 |
_axvii, 430 páginas _bilustraciones |
||
| 505 | 0 | _aClinical framework : basic terms and concepts -- Phonetics-articulatory phonetics : speech sound form -- Phonetic transcription and diacritics -- Theoretical considerations and practical applications -- Normal phonological development -- Assessment : appraisal-collection of data -- Diagnosis : articulation- versus phonemic-based speech sound disorders -- Dialects and English as a second language -- Therapy for articulation-based speech sound disorders -- Treatment of phonemic-based speech sound disorders -- Speech sound disorders in selected populations. | |
| 546 | _aTexto en inglés | ||
| 650 | 7 |
_aTrastornos de la pronunciación _925764 |
|
| 650 | 7 |
_aTrastornos de la comunicación _925753 |
|
| 650 | 7 |
_aTrastornos del lenguaje _9414 |
|
| 650 | 7 |
_aFonética _916026 |
|
| 765 | _tArticulatory and phonological impairments | ||
| 942 |
_2NLM _a15 _cLIBRO _e5 _hWL 340.2 _mB347a |
||
| 999 |
_c310604 _d310604 |
||